漢字の読み - Statistics

General Stats
  • This quiz has been taken 41 times
  • The average score is 148 of 500
Answer Stats
Kanji Answer % Correct
経緯 いきさつ/けいい
91%
数多 あまた
87%
予め あらかじ
87%
侮る あなど
83%
銀杏 いちょう/ぎんなん
83%
明白 あからさま/めいはく
78%
強ち あなが
78%
行脚 あんぎゃ
78%
承る うけたまわ
78%
十八番 おはこ
78%
軋轢 あつれき
74%
忌々しい いまいま
74%
傍ら かたわ
74%
嘲る あざけ
70%
艶やか あで/つや
70%
所謂 いわゆる
70%
外郎 ういろう
70%
泡沫 うたかた/ほうまつ
70%
烏滸がましい おこ
70%
許嫁 いいなずけ
65%
いとま
65%
疼く うず
65%
麗らか うら
65%
慮る おもんぱか
65%
神楽 かぐら
65%
為替 かわせ
65%
更迭 こうてつ
65%
強面 こわもて
65%
遡る さかのぼ
65%
畦道 あぜみち
61%
泡銭 あぶくぜに
61%
団扇 うちわ
61%
饂飩 うどん
61%
微か かす
61%
固唾 かたず
61%
滑稽 こっけい
61%
建立 こんりゅう
61%
曝す さら
61%
数珠 じゅず
61%
些か いささ
57%
燻す いぶ
57%
否応なく いやおう
57%
謂れ いわ
57%
慇懃 いんぎん
57%
恭しい うやうや
57%
云々 うんぬん
57%
嚥下 えんげ
57%
花魁 おいらん
57%
割烹 かっぽう
57%
金繰り かなぐ
57%
怪訝 けげん
57%
誤謬 ごびゅう
57%
苛む さいな
57%
雑踏 ざっとう
57%
潮騒 しおさい
57%
しつけ
57%
疾病 しっぺい
57%
松明 たいまつ
57%
黄昏 たそがれ
57%
隘路 あいろ
52%
贖う あがな
52%
徒となる あだ
52%
渾名 あだな
52%
中る あた
52%
いかだ
52%
うてな/だい
52%
驕る おご
52%
慄く おのの
52%
夥しい おびただ
52%
徐ろ おもむ
52%
蜉蝣 かげろう
52%
瑕疵 かし
52%
久遠 くおん
52%
傀儡 かいらい/くぐつ
52%
寛ぐ くつろ
52%
東風 こち
52%
出納 すいとう
52%
双六 すごろく
52%
杜撰 ずさん
52%
内裏 だいり
52%
永久 とこしえ/えいきゅう
52%
咄嗟 とっさ
52%
論う あげつら
48%
篤い あつ
48%
誂える あつら
48%
安穏 あんのん
48%
諍い いさか
48%
訝しむ いぶか
48%
蘊蓄 うんちく
48%
落魄れる おちぶ
48%
御御御付 おみおつけ
48%
御神酒 おみき
48%
罹る かか
48%
河岸 かし
48%
姦しい かしま
48%
掠る かす
48%
気触れる かぶ
48%
箝口令 かんこうれい
48%
かんざし
48%
煙管 きせる
48%
牛車 ぎっしゃ
48%
矜持 きょうじ
48%
湖沼 こしょう
48%
兀兀 こつこつ
48%
悉く ことごと
48%
市井 しせい
48%
齟齬 そご
48%
厭う いと
43%
いびき
43%
魘される うな
43%
煽てる おだ
43%
篝火 かがりび
43%
脚気 かっけ
43%
予予 かねがね
43%
傾奇者 かぶきもの
43%
間隙 かんげき
43%
かんぬき
43%
くさむら
43%
燻る くすぶ/くゆ
43%
敬虔 けいけん
43%
好悪 こうお
43%
零す こぼ
43%
細雪 ささめゆき
43%
弛緩 しかん
43%
強か したた
43%
舌鼓 したつづみ
43%
注連縄・七五三縄 しめなわ
43%
素頓狂 すっとんきょう
43%
算盤 そろばん
43%
山車 だし
43%
恰も あたか
39%
幼気 いたいけ
39%
嘶く いなな
39%
堆く うずたか
39%
空蝉 うつせみ
39%
似非 えせ
39%
御強 おこわ
39%
白粉 おしろい
39%
面映ゆい おもは
39%
凡そ およ
39%
翳す かざ
39%
瘡蓋 かさぶた
39%
悴む かじか
39%
感ける かま
39%
伽藍洞 がらんどう
39%
限限 ぎりぎり
39%
昏い くら
39%
猜疑心 さいぎしん
39%
粗目雪 ざらめゆき
39%
頻りに しき
39%
時化る しけ
39%
認める したた
39%
職人気質 しょくにんかたぎ
39%
縋る すが
39%
唆す そそのか
39%
辿る たど
39%
美人局 つつもたせ
39%
浪速 なにわ
39%
彼辺此辺 あべこべ
35%
雖も いえど
35%
石礫 いしつぶて
35%
独活 うど
35%
嘔吐く えず
35%
おり
35%
灰燼 かいじん
35%
かすがい
35%
気障 きざ
35%
くつわ
35%
与する くみ
35%
希う こいねが
35%
拵える こしら
35%
惨憺たる さんたん
35%
髑髏 しゃれこうべ/どくろ
35%
述懐 じゅっかい
35%
贖宥状 しょくゆうじょう
35%
しらみ
35%
静謐 せいひつ
35%
唆る そそ
35%
戯言 たわごと/ざれごと
35%
月極 つきぎめ
35%
拙い つたな
35%
氷柱 つらら
35%
丁稚上げる でっちあ
35%
叛逆 はんぎゃく
35%
洞穴 どうけつ
35%
心太 ところてん
35%
蔑ろ ないがし
35%
惚気る のろけ
35%
甚だ はなは
35%
殆ど ほとん
35%
齷齪 あくせく
30%
朝餉 あさげ
30%
剰え あまつさ
30%
雨霰 あめあられ
30%
肖る あやか
30%
溢水 いっすい
30%
譫言 うわごと
30%
お浚い さら/おさら
30%
悍ましい おぞ
30%
御粧し おめか
30%
膾炙 かいしゃ
30%
忝い かたじけな
30%
艱難 かんなん
30%
鎖帷子 くさりかたびら
30%
草臥れる くたび
30%
吝嗇 けち/りんしょく
30%
好々爺 こうこうや
30%
好事家 こうずか
30%
狡い こす
30%
挙って こぞ
30%
流離い さすら
30%
忸怩たる じくじ
30%
軍鶏 しゃも
30%
すだれ
30%
簀子 すのこ
30%
錚々たる そうそう
30%
謗る・誹る そし
30%
窘める たしな
30%
駄洒落 だじゃれ
30%
辟易ろぐ たじ
30%
続柄 つづきがら
30%
島嶼部 とうしょぶ
30%
懇ろ ねんご
30%
贔屓 ひいき
30%
閃く ひらめ
30%
賄う まかな
30%
倦む
26%
阿る おもね
26%
燕子花 かきつばた
26%
傅く かしず
26%
陥穽 かんせい
26%
旗幟 きし
26%
屹立 きつりつ
26%
工廠 こうしょう
26%
熟す こな
26%
囀る さえず
26%
しがらみ
26%
設える しつら
26%
靭やか しな
26%
紙魚 しみ
26%
入内 じゅだい
26%
上梓 じょうし
26%
頗る すこぶ
26%
須く すべから
26%
窄む すぼ
26%
嫉む そね
26%
托鉢 たくはつ
26%
忽ち たちまち
26%
誑かす たぶら
26%
揺蕩う たゆた
26%
因む ちな
26%
啄む ついば
26%
集る つど
26%
具に つぶさ
26%
出会す でくわ
26%
宥める なだ
26%
均す なら
26%
煮凝り にこご
26%
鈍色 にびいろ
26%
祝詞 のりと
26%
機織り はたお
26%
跋扈 ばっこ
26%
蔓延る はびこ
26%
跪く ひざまず
26%
犇めく ひし
26%
翻す ひるがえ
26%
綻ぶ ほころ
26%
熱り ほて/ほとぼ
26%
況してや
26%
円やか まろ
26%
呷る あお
22%
倦ねる あぐ
22%
稚い いとけな/あどけな
22%
寝穢い いぎたな
22%
嘯く うそぶ
22%
胡乱 うろん
22%
果せる おお
22%
大鋸屑 おがくず
22%
御凸 おでこ
22%
戯ける おど
22%
喀喀 おめおめ
22%
拐かす かどわ
22%
公達 きんだち
22%
くびき
22%
消魂しい けたたま
22%
外連味 けれんみ
22%
叩頭 こうとう
22%
寿ぐ ことほ
22%
拱く こまね
22%
矜羯羅がる こんがら
22%
宛ら さなが
22%
耳朶 じだ
22%
奢侈品 しゃしひん
22%
蒐集 しゅうしゅう
22%
斟酌 しんしゃく
22%
素寒貧 すかんぴん
22%
其処彼処 そこかしこ
22%
漫ろ そぞ
22%
箍が外れる たが
22%
猪口才な ちょこざい
22%
序で つい
22%
円ら つぶ
22%
詳らか つまび
22%
木偶 でく
22%
梃子摺る てこず
22%
衒い てら
22%
吃る ども
22%
乃至 ないし
22%
詰る なじ
22%
準える なぞら
22%
腥い なまぐさ
22%
俄雨 にわかあめ
22%
逆上せる のぼ
22%
逸らかす はぐ
22%
溌剌 はつらつ
22%
はなぶさ
22%
反駁 はんばく
22%
繁茂 はんも
22%
仄か ほの
22%
罷る まか
22%
松脂 まつやに
22%
姑獲鳥 うぶめ
17%
蟒蛇 うわばみ
17%
御侠 おきゃん
17%
囂しい かまびす
17%
諄い くど
17%
嗾ける けしか
17%
交々 こもごも
17%
弑逆 しいぎゃく
17%
屡々 しばしば
17%
祝言 しゅうげん
17%
瀟洒 しょうしゃ
17%
誰何 すいか
17%
寂寥感 せきりょうかん
17%
雪隠 せっちん
17%
発条 ぜんまい
17%
外方 そっぽ
17%
種籾 たねもみ
17%
嫡子 ちゃくし
17%
卓袱台 ちゃぶだい
17%
約まる つづ
17%
劈く つんざく
17%
覿面 てきめん
17%
手遊び てすさ
17%
読経 どきょう
17%
惚ける とぼ
17%
等閑 なおざり
17%
躙る にじ
17%
燥ぐ はしゃ
17%
はなむけ
17%
憚る はばか
17%
版図 はんと
17%
煩悶 はんもん
17%
僻む ひが
17%
顰蹙 ひんしゅく
17%
辺鄙 へんぴ
17%
萌芽 ほうが
17%
朴訥 ぼくとつ
17%
恣に・縦に ほしいまま
17%
布袋 ほてい
17%
迸る ほとばし
17%
ほとり
17%
微睡み まどろ
17%
空者 うつけもの
13%
肯う うべな
13%
刳い えぐ
13%
噯気 おくび
13%
御老成 おませ
13%
晦ます くらま
13%
業突張 ごうつくばり
13%
扨措き さてお
13%
拉く しだ
13%
悄気る しょげ
13%
竦む すく
13%
集く すだ
13%
寸寸 ずたずた
13%
冷笑う せせらわら
13%
欹てる そばだ
13%
戦ぐ そよ
13%
嫋やか たお
13%
屯する たむろ
13%
知悉 ちしつ
13%
重畳 ちょうじょう
13%
噤む つぐ
13%
葛籠 つづら
13%
摘入 つみれ
13%
鶴嘴 つるはし
13%
為体 ていたらく
13%
敵愾心 てきがいしん
13%
就中 なかんずく
13%
泥む なず
13%
無礼る なめ
13%
形振り なりふ
13%
長閑 のどか
13%
逸る はや
13%
拉げる ひしゃ
13%
只管 ひたすら
13%
畢竟 ひっきょう
13%
鄙びた ひな
13%
剽軽 ひょうきん
13%
ふるい
13%
諂う へつら
13%
謙る へりくだ
13%
抛る ほう
13%
穿る ほじ
13%
襤褸切れ ぼろき
13%
随に まにま
13%
微塵子 みじんこ
13%
鳩尾 みぞおち
13%
みぞれ
13%
妄りに みだ
13%
無碍 むげ
13%
虫酸 むしず
13%
謀反 むほん
13%
所以 ゆえん
13%
おべっか
9%
誂う からか
9%
嘸かし さぞ
9%
入魂・昵懇 じっこん
9%
欷歔く すすりな
9%
打擲 ちょうちゃく
9%
閊える つか
9%
土塊 つちくれ
9%
恙無く つつがな
9%
饕餮 とうてつ
9%
蜷局 とぐろ
9%
土留色 とどめいろ
9%
鞣す なめ
9%
泥濘 ぬかるみ
9%
含羞む はにか
9%
抽斗 ひきだし
9%
偏に ひとえ
9%
敷衍 ふえん
9%
埴猪口 へなちょこ
9%
暈す ぼか
9%
絆す ほだ
9%
雪洞 ぼんぼり
9%
区々 まちまち
9%
まなじり
9%
疎ら まば
9%
忠実 まめ
9%
転び出る まろ
9%
身動ぎ みじろ
9%
漲る みなぎ
9%
無辜 むこ
9%
毟る むし
9%
噎せる
9%
目敏い めざと
9%
眩暈 めまい
9%
専ら もっぱ
9%
弄ぶ もてあそ
9%
世迷言 よまいごと
9%
礼賛 らいさん
9%
歪曲 わいきょく
9%
煩う わずら
9%
戦慄く わなな
9%
腕白
わんぱく
9%
急勝 せっかち
4%
響き どよめ
4%
素見す ひやか
4%
潤ける ふや
4%
順う まつろ
4%
見縊る みくび
4%
瞠る みは
4%
明礬 みょうばん
4%
目眩く めくるめ
4%
盲いる めし
4%
鍍金 めっき
4%
娶る めと
4%
瑪瑙 めのう
4%
目紛しい めまぐる
4%
乙張り めりは
4%
捥ぐ
4%
擡げる
4%
齎す もたら
4%
凭れる もた
4%
縺れる もつ
4%
尤も もっと
4%
擬しい もどか
4%
徐ら立つ やお
4%
喧しい やかま
4%
自棄 やけ
4%
窶す やつ
4%
吝か やぶさ
4%
疚しい やま
4%
所縁 ゆかり
4%
強請る ゆす
4%
努々 ゆめゆめ
4%
捩れる よじ
4%
よすが/えにし
4%
終夜 よもすがら
4%
蹌踉ける よろ
4%
坩堝 るつぼ
4%
緑青 ろくしょう
4%
轆轤 ろくろ
4%
蟠り わだかま
4%
亘り わた
4%
喚く わめ
4%
係う かかずら
0%
平衡錘 へいこうつむ
0%
No matching quizzes found
Score Distribution
Percent of People with Each Score
Percentile by Number Answered
Your Score History
You have not taken this quiz